<?xml version="1.0" encoding="UTF-8"?>
<record
    xmlns:xsi="http://www.w3.org/2001/XMLSchema-instance"
    xsi:schemaLocation="http://www.loc.gov/MARC21/slim http://www.loc.gov/standards/marcxml/schema/MARC21slim.xsd"
    xmlns="http://www.loc.gov/MARC21/slim">

  <leader>01157nam a22002177a 4500</leader>
  <controlfield tag="005">20160512083349.0</controlfield>
  <controlfield tag="008">160512b        mx ||||| |||| 00| 0 spa d</controlfield>
  <datafield tag="020" ind1=" " ind2=" ">
    <subfield code="a">9789689182849</subfield>
  </datafield>
  <datafield tag="050" ind1="0" ind2="4">
    <subfield code="a">BX1427</subfield>
    <subfield code="b">P63 2008</subfield>
  </datafield>
  <datafield tag="245" ind1="0" ind2="0">
    <subfield code="a">Poder civil y catolicismo en M&#xE9;xico, siglo XVI al XIX</subfield>
    <subfield code="c">/ Francisco Javier Cervantes Bello, Alicia Tecuanhuey Sandoval, Mar&#xED;a del Pilar Mart&#xED;nez L&#xF3;pez-Cano, corrdinadores</subfield>
  </datafield>
  <datafield tag="250" ind1=" " ind2=" ">
    <subfield code="a">1a ed. </subfield>
  </datafield>
  <datafield tag="260" ind1=" " ind2=" ">
    <subfield code="a">M&#xE9;xico : </subfield>
    <subfield code="b">Benem&#xE9;rita Universidad Aut&#xF3;noma de Puebla ; Instituto de Ciencias Sociales y Humanidades "Alfonso V&#xE9;lez Pliego" :  Universidad Nacional Aut&#xF3;noma de M&#xE9;xico ; Instituto de Investigaciones Hist&#xF3;ricas, </subfield>
    <subfield code="c">2008. </subfield>
  </datafield>
  <datafield tag="300" ind1=" " ind2=" ">
    <subfield code="a">469 p. ; </subfield>
    <subfield code="c">23 cm.</subfield>
  </datafield>
  <datafield tag="650" ind1=" " ind2="7">
    <subfield code="2">LEMB</subfield>
    <subfield code="a">Iglesia Cat&#xF3;lica</subfield>
    <subfield code="x">Historia</subfield>
    <subfield code="v">Congresos</subfield>
    <subfield code="z">M&#xE9;xico</subfield>
  </datafield>
  <datafield tag="650" ind1=" " ind2="7">
    <subfield code="2">LEMB</subfield>
    <subfield code="a">Iglesia Cat&#xF3;lica</subfield>
    <subfield code="x">Aspectos pol&#xED;ticos </subfield>
    <subfield code="v">Congresos</subfield>
    <subfield code="z">M&#xE9;xico </subfield>
  </datafield>
  <datafield tag="650" ind1=" " ind2="7">
    <subfield code="2">LEMB</subfield>
    <subfield code="a">Iglesia Cat&#xF3;lica</subfield>
    <subfield code="x">Aspectos sociales </subfield>
    <subfield code="v">Congresos</subfield>
    <subfield code="z">M&#xE9;xico </subfield>
  </datafield>
  <datafield tag="700" ind1="1" ind2=" ">
    <subfield code="a">Cervantes B., Francisco J. ,</subfield>
    <subfield code="e">coord.</subfield>
    <subfield code="q">[Francisco Javier Cervantes Bello]</subfield>
  </datafield>
  <datafield tag="700" ind1="1" ind2=" ">
    <subfield code="a">Tecuanhuey Sandoval, Alicia,</subfield>
    <subfield code="e">coord.</subfield>
  </datafield>
  <datafield tag="700" ind1="1" ind2=" ">
    <subfield code="a">Mart&#xED;nez L&#xF3;pez-Cano, Mar&#xED;a del Pilar,</subfield>
    <subfield code="e">coord.</subfield>
  </datafield>
  <datafield tag="942" ind1=" " ind2=" ">
    <subfield code="2">lcc</subfield>
    <subfield code="c">LIB</subfield>
  </datafield>
  <datafield tag="999" ind1=" " ind2=" ">
    <subfield code="c">116542</subfield>
    <subfield code="d">116542</subfield>
  </datafield>
  <datafield tag="952" ind1=" " ind2=" ">
    <subfield code="1">0</subfield>
    <subfield code="2">lcc</subfield>
    <subfield code="4">0</subfield>
    <subfield code="7">0</subfield>
    <subfield code="a">INV-033</subfield>
    <subfield code="b">INV-033</subfield>
    <subfield code="c">GENERAL</subfield>
    <subfield code="d">2016-05-12</subfield>
    <subfield code="f">1a ed.</subfield>
    <subfield code="i">H</subfield>
    <subfield code="k">EH</subfield>
    <subfield code="o">BX1427 P63 2008</subfield>
    <subfield code="p">IIH000014749</subfield>
    <subfield code="r">2016-05-12 00:00:00</subfield>
    <subfield code="t">C:1</subfield>
    <subfield code="y">LIB</subfield>
    <subfield code="z">GENERAL</subfield>
  </datafield>
</record>
